SEC Championship Matchups - Hard Mode - Statistics

General Stats
  • This quiz has been taken 30 times
  • The average score is 55 of 66
Answer Stats
Year Played Team Ranking (If any) % Correct
2024 Georgia 5
96%
2019 LSU 1
96%
2022 LSU 14
96%
2015 Alabama 2
92%
2018 Alabama 1
92%
2020 Alabama 1
92%
2021 Alabama 3
92%
2023 Alabama 8
92%
2017 Auburn 4
92%
2020 Florida 11
92%
2017 Georgia 6
92%
2018 Georgia 4
92%
2019 Georgia 4
92%
2021 Georgia 1
92%
2022 Georgia 1
92%
2023 Georgia 1
92%
2024 Texas 2
92%
1992 Alabama 2
88%
1993 Alabama 16
88%
2012 Alabama 2
88%
2014 Alabama 1
88%
2016 Alabama 1
88%
2010 Auburn 1
88%
2013 Auburn 3
88%
1992 Florida 12
88%
1993 Florida 9
88%
2008 Florida 2
88%
2009 Florida 1
88%
2015 Florida 18
88%
2016 Florida 15
88%
2007 LSU 5
88%
2011 LSU 1
88%
1994 Alabama 3
83%
2008 Alabama 1
83%
2009 Alabama 2
83%
1994 Florida 6
83%
2006 Florida 4
83%
2003 LSU 3
83%
2014 Missouri 14
83%
2010 South Carolina 19
83%
2004 Auburn 3
79%
1995 Florida 2
79%
1996 Florida 4
79%
2011 Georgia 12
79%
2012 Georgia 3
79%
2005 LSU 3
79%
2013 Missouri 5
79%
1997 Tennessee 3
79%
1998 Tennessee 1
79%
2001 Tennessee 2
79%
2007 Tennessee 15
79%
1996 Alabama 11
75%
1999 Alabama 7
75%
2006 Arkansas 8
75%
1997 Auburn 11
75%
2000 Auburn 18
75%
1999 Florida 5
75%
2000 Florida 7
75%
2002 Georgia 4
75%
2003 Georgia 5
75%
2005 Georgia 13
75%
2001 LSU 21
75%
2004 Tennessee 15
75%
1995 Arkansas 23
71%
2002 Arkansas 22
71%
1998 Mississippi State 23
67%
No matching quizzes found
Score Distribution
Percent of People with Each Score
Percentile by Number Answered
Your Score History
You have not taken this quiz